Tömeges építkezések Szegeden száztizenöt építési kérvény

Elmentve itt :
Bibliográfiai részletek
Dokumentumtípus: Cikk
Megjelent: 1911-06-22
Sorozat:Délmagyarország 2 No. 141
Kulcsszavak:Lázár György, Tóth Mihály, Taschler Endre, Csernovics Agenor, Malina Gyula, Rósa Izsó, Tóth Ferenc, Koós Elemér, Városfejlesztés Szeged 1911, Építési engedélyek Szeged
Online Access:http://dmarchiv.bibl.u-szeged.hu/42110
LEADER 00609nab a2200145 i 4500
001 delm42110
005 20180927130131.0
008 180927s1911 hu o 0|| hun d
040 |a SZTE Délmagyarország Archívum  |b hun 
041 |a hun 
245 0 0 |a Tömeges építkezések Szegeden   |h [elektronikus dokumentum] :  |b száztizenöt építési kérvény 
260 |c 1911-06-22 
300 |a 6 
490 0 |a Délmagyarország  |v 2 No. 141 
695 |a Lázár György, Tóth Mihály, Taschler Endre, Csernovics Agenor, Malina Gyula, Rósa Izsó, Tóth Ferenc, Koós Elemér, Városfejlesztés Szeged 1911, Építési engedélyek Szeged